OBRAS COMPLETAS /

Сохранить в:
Библиографические подробности
Главный автор: Pereyra, Carlos (autor)
Формат:
Предметы:
Метки: Добавить метку
Нет меток, Требуется 1-ая метка записи!

MARC

LEADER 00000nam^a2200000^a^4500
001 000237902
005 20250521000000.0
009 20260310104954.124
035 |a 058448 
037 |a Acervo Xavier Clavigero 
082 |a 980.  |b PER 
100 |a Pereyra, Carlos  |e (autor) 
245 1 0 |a OBRAS COMPLETAS /  |c CARLOS PEREYRA 
264 |a MEXICO :  |b LIBREROS MEXICANOS UNIDOS,  |c 1959 
300 |a 2 V. 
336 |a texto  |b txt  |2 rdacontenido 
337 |a sin mediación  |b n  |2 rdamedio 
338 |a volumen  |b nc  |2 rdasoporte 
649 |a XX 
650 |a Iberoamérica -  |x Historia 
910 |a Fondo General 
920 |a Impresos - Libros 
930 |a Colección General 
905 |a 101 
901 |a 058448  |b IT1  |c ACC  |i 058448  |u 20250521 
901 |a 058449  |b IT1  |c ACC  |i 058449  |u 20250521 
902 |a https://opac.biblio.iteso.mx/vufind/Record/000237902